| 000 | 00525nam a2200181Ia 4500 | ||
|---|---|---|---|
| 003 | GCL | ||
| 008 | 140319s9999 xx 000 0 ara d | ||
| 040 |
_aGCL / _cGCL |
||
| 082 | 0 | 4 |
_aط _b922.1 _bس ا |
| 245 | 1 | 0 | _aالامام زيد |
| 260 |
_a[S.N] : _bدار الكتب الحديثة ، _c1990 |
||
| 300 | _a19 ص | ||
| 490 |
_aسيرة ائمة المسلمين للبنات والبنين _v0 |
||
| 650 | 0 | 4 | _aالقصص |
| 650 | 0 | 4 | _aقصص الاطفال |
| 650 | 0 | 4 | _aالقصص الدينية |
| 942 |
_2ddc _cBK |
||
| 999 |
_c56682 _d56682 |
||